000 00346nam a22001337a 4500
008 160518b xxu||||| |||| 00| 0 eng d
020 _a9781582556949
020 _a9781582556949
020 _a1582556946
041 _aeng
080 _a618.2
245 _aMedical surgical nursing:
_cWolters Kuwer; Lippincott Williams Wilkins;
942 _2udc
_cBK
999 _c2180
_d2180